Missing Word: Franchise Movies Quiz Stats

Quiz Updated Mar 5, 2016

Challenge
Share
Tweet
Embed
Score 0/20 Timer 03:00
0 Plays Today
Movie Word % Correct
The _______ of the LambsSilence
95.1%
Dead ____ ChestMan's
92.9%
___ Another DayDie
90.7%
The ____ KnightDark
90.3%
_____ Vs. PredatorAlien
86.9%
The ____ CrusadeLast
86.5%
The ___ TowersTwo
80.7%
When ______ CallsNature
62.4%
______ TwelveOcean's
62.3%
A ___ HopeNew
61.8%
Movie Word % Correct
The _______ StonePhilosopher's
59.1%
____ of the MachinesRise
56.5%
The ________ KingScorpion
45.5%
Life of _____Brian
44.3%
____ of the DinosaursDawn
40.7%
Christmas _______Vacation
37.4%
Prince _______Caspian
34.5%
____ in New York Lost
33%
______ ImpactSudden
32.6%
The Undiscovered _______Country
20.8%

Today's Daily Dose

Word Ladder
KISS Hit

On This Day
January 22nd

You're not logged in!

Compare scores with friends on all Sporcle quizzes.
Sign Up with Email
OR
Log In

You Might Also Like...

Show Comments

Extras

Top Quizzes Today


Score Distribution

Your Account Isn't Verified!

In order to create a playlist on Sporcle, you need to verify the email address you used during registration. Go to your Sporcle Settings to finish the process.